|
|
|
|
| LEADER |
00000nam0a2200000 4500 |
| 001 |
165501 |
| 005 |
20231101222546.0 |
| 020 |
|
|
|a RU
|b 89-60749
|
| 035 |
|
|
|a (RuTPU)RU\TPU\book\179528
|
| 090 |
|
|
|a 165501
|
| 100 |
|
|
|a 20090918d1989 m y0rusy5003 ca
|
| 101 |
0 |
|
|a rus
|
| 102 |
|
|
|a RU
|
| 105 |
|
|
|a y j 001zy
|
| 200 |
1 |
|
|a Металлические композиционные материалы
|e учебное пособие
|f Г. С. Казакевич
|g Ленинградский политехнический институт им. М. И. Калинина (ЛПИ)
|
| 210 |
|
|
|a Ленинград
|c [Б. и.]
|d 1989
|
| 215 |
|
|
|a 63 с.
|
| 320 |
|
|
|a Библиогр.: с. 62.
|
| 606 |
|
|
|a Композиционные материалы (материаловедение)
|2 stltpush
|3 (RuTPU)RU\TPU\subj\71565
|9 85422
|
| 610 |
1 |
|
|a механика
|
| 610 |
1 |
|
|a технологические процессы
|
| 610 |
1 |
|
|a получение
|
| 610 |
1 |
|
|a обработка
|
| 610 |
1 |
|
|a машиностроение
|
| 610 |
1 |
|
|a применение
|
| 610 |
1 |
|
|a учебные пособия
|
| 675 |
|
|
|a 620.22-419.8(075.8)
|z rus
|
| 700 |
|
1 |
|a Казакевич
|b Г. С.
|g Генрих Станиславович
|
| 712 |
0 |
2 |
|a Ленинградский политехнический институт им. М. И. Калинина (ЛПИ)
|2 stltpush
|3 (RuTPU)RU\TPU\col\2601
|
| 801 |
|
0 |
|a RU
|b RuMRKP
|c 19950417
|g psbo
|
| 801 |
|
1 |
|a RU
|b 63413507
|c 20090918
|
| 801 |
|
2 |
|a RU
|b 63413507
|c 20180426
|g RCR
|
| 942 |
|
|
|c BK
|